000 00300nam a22001337a 4500
008 170619b xxu||||| |||| 00| 0 eng d
020 _a0080331580
041 _aeng
080 _22ND
_a94
100 _a16
101 _aSHH
245 _aCUBA FRIN COLUMBUS TO CASTRO
_cSUCHLICKI,J
942 _2udc
_cBK
999 _c18111
_d18111